Computer networks : (Record no. 10922)

MARC details
000 -LEADER
fixed length control field 00625cam a22002052 4500
001 - CONTROL NUMBER
control field 0000007174
005 - DATE AND TIME OF LATEST TRANSACTION
control field 20151217154401.0
008 - FIXED-LENGTH DATA ELEMENTS--GENERAL INFORMATION
fixed length control field 071126s xx 000 0 eng d
020 ## - INTERNATIONAL STANDARD BOOK NUMBER
International Standard Book Number 8120310411 :
Terms of availability KES 980
040 ## - CATALOGING SOURCE
Original cataloging agency KABU
Transcribing agency KABU
100 1# - MAIN ENTRY--PERSONAL NAME
Personal name Black, Uyless.
-- 0000158261
245 10 - TITLE STATEMENT
Title Computer networks :
Remainder of title protocols, standards, and interfaces /
Statement of responsibility, etc. Uyless Black.
250 ## - EDITION STATEMENT
Edition statement 2nd ed.
260 ## - PUBLICATION, DISTRIBUTION, ETC. (IMPRINT)
Place of publication, distribution, etc. New Delhi :
Name of publisher, distributor, etc. Prentice-Hall of India,
Date of publication, distribution, etc. 1993.
300 ## - PHYSICAL DESCRIPTION
Extent xii, 436 p.
650 #0 - SUBJECT ADDED ENTRY--TOPICAL TERM
Topical term or geographic name as entry element Computer networks.
-- 0000148214
908 ## - PUT COMMAND PARAMETER (RLIN)
Put command parameter 071126
950 ## - LOCAL HOLDINGS (RLIN)
-- 1
Holdings
Withdrawn status Lost status Source of classification or shelving scheme Not for loan Home library Current library Date acquired Total Checkouts Full call number Barcode Date last seen Price effective from Koha item type
    Library of Congress Classification   Kabarak, Main Campus Kabarak, Main Campus 17/12/2015   TK5105.5 .B53 1993 011277 17/12/2015 17/12/2015 General Collection
Designed with assistance from East African Informatics Ltd